|
|
|
|
| LEADER |
00634nab a2200169 i 4500 |
| 001 |
misc9479 |
| 005 |
20191106143446.0 |
| 008 |
170607s1915 hu o 0|| hun d |
| 022 |
|
|
|a 0025-0260
|
| 040 |
|
|
|a SZTE Miscellanea Repozitórium
|b hun
|
| 041 |
|
|
|a hun
|
| 245 |
0 |
0 |
|a Kármán Mór, 1843-1915
|h [elektronikus dokumentum] :
|b [nekrológ]
|
| 260 |
|
|
|c 1915
|
| 300 |
|
|
|a 529-530
|
| 490 |
0 |
|
|a Magyar pedagógia : a Magyar Tudományos Akadémia Pedagógiai Bizottságának folyóirata
|v 24
|
| 695 |
|
|
|a Kármán Mór, Magyar irodalom nekrológ, Nekrológ
|
| 856 |
4 |
0 |
|u http://misc.bibl.u-szeged.hu/9479/1/mp_1915_2243_529-530.pdf
|z Dokumentum-elérés
|